Top 200 Busiest Airports in the United States - Statistics

General Stats
  • This quiz has been taken 122 times
  • The average score is 113 of 200
Answer Stats
State Airport Is Located In Airport Name % Correct
Texas Dallas/Fort Worth International
95%
Georgia Hartsfield-Jackson Atlanta International
92%
New York LaGuardia
92%
Illinois Chicago O'Hare International
91%
Colorado Denver International
91%
New York John F. Kennedy International
91%
California Los Angeles International
91%
Florida Miami International
91%
Florida Orlando International
91%
Texas Dallas Love Field
90%
Nevada Harry Reid International
90%
Florida Orlando Sanford International
90%
California San Francisco International
90%
Illinois Chicago Midway International
88%
Texas George Bush Intercontinental/Houston
88%
Arizona Phoenix Sky Harbor International
88%
Washington Seattle/Tacoma International
88%
Arizona Mesa Gateway
87%
Oregon Portland International
87%
Utah Salt Lake City International
87%
Texas Austin - Bergstrom International
86%
Michigan Detroit Metro Wayne County
86%
Massachusetts Logan International
86%
Texas William P. Hobby
86%
Minnesota Minneapolis-St. Paul International
85%
Pennsylvania Philadelphia International
85%
Maine Portland International Jetport
85%
Florida Tampa International
85%
New Jersey Newark Liberty International
84%
California Norman Y. Mineta San Jose International
84%
Maryland Baltimore/Washington International Thurgood Marshall
83%
North Carolina Charlotte Douglas International
83%
Hawaii Daniel K Inouye International
83%
Wyoming Jackson Hole
83%
Mississippi Jackson Medgar Wiley Evers International
83%
California Sacramento International
83%
Florida Jacksonville International
81%
Louisiana Louis Armstrong New Orleans International
81%
Tennessee Nashville International
81%
North Carolina Albert J. Ellis
80%
Missouri Kansas City International
80%
North Carolina Raleigh-Durham International
80%
Washington DC Ronald Reagan Washington National
80%
Oklahoma Will Rogers World
80%
Florida Fort Lauderdale-Hollywood International
79%
Indiana Indianapolis International
79%
Tennessee Memphis International
79%
Washington DC Washington Dulles International
79%
Ohio Cleveland-Hopkins International
78%
Pennsylvnia Pittsburgh International
78%
Nevada Reno/Tahoe International
78%
Texas San Antonio International
78%
Missouri St. Louis Lambert International
78%
Texas El Paso International
76%
Nebraska Eppley Airfield
76%
Wisconsin General Mitchell International
76%
California Metro Oakland International
76%
Alaska Ted Stevens Anchorage International
76%
Ohio Cincinnati/Northern Kentucky International
74%
Colorado City of Colorado Springs Municipal
73%
Ohio John Glenn Columbus International
73%
Kentucky Louisville Muhammad Ali International
73%
Virginia Richmond International
73%
Ohio Rickenbacker International
73%
New York Albany International
72%
New Mexico Albuquerque International Sunport
72%
Rhode Island Rhode Island TF Green International
72%
New York Buffalo Niagara International
71%
South Carolina Charleston International
71%
California Fresno Yosemite International
71%
Oklahoma Tulsa International
71%
West Virginia West Virginia International Yeager
71%
Alabama Birmingham-Shuttlesworth International
70%
Idaho Boise Air Terminal
70%
Arizona Tucson International
70%
Arkansas Bill and Hillary Clinton National Adams Field
69%
Iowa Des Moines International
69%
Georgia Savannah/Hilton Head International
69%
Washington Spokane International
69%
Connecticut Bradley International
67%
Wisconsin Dane County Regional- Truax Field
67%
Louisiana Baton Rouge Metropolitan/Ryan Field
66%
Puerto Rico Luis Munoz Marin International
66%
Tennessee McGhee Tyson
66%
Missouri Springfield-Branson International
66%
Florida Tallahassee International
66%
South Carolina Columbia Metropolitan
65%
Montana Billings Logan International
64%
Pennsylvania Harrisburg International
64%
Ohio James M Cox/Dayton International
64%
Alaska Juneau International
64%
Alaska Fairbanks International
63%
New York Frederick Douglass Greater Rochester International
63%
Alabama Mobile Regional
63%
Michigan Gerald R. Ford International
62%
Kansas Wichita Dwight D. Eisenhower National
62%
Kentucky Blue Grass
59%
South Dakota Joe Foss Field
59%
California Long Beach Airport
58%
New York Syracuse Hancock International
58%
Georgia Augusta Regional at Bush Field
57%
Florida Key West International
57%
Oregon Mahlon Sweet Field
57%
New Hampshire Manchester Boston Regional
57%
Virginia Norfolk International
57%
Vermont Burlington International
56%
Alabama Montgomery Regional
56%
Florida Southwest Florida International
56%
Texas Corpus Christi International
55%
California Meadows Field
55%
North Carolina Piedmont Triad International
55%
Ohio Akron-Canton Regional
53%
Wisconsin Green Bay Austin Straubel International
53%
North Dakota Hector International
53%
Texas Rick Husband Amarillo International
53%
Florida St. Pete Clearwater International
53%
Texas Lubbock Preston Smith International
52%
Iowa The Eastern Iowa
52%
Colorado Aspen Pitkin County Sardy Field
51%
California Ontario International
51%
Oregon Roberts Field
51%
North Carolina Wilmington International
51%
Alabama Huntsville International-Carl T Jones Field
50%
Florida Pensacola International
50%
New Jersey Atlantic City International
49%
Hawaii Hilo International
49%
Florida Palm Beach International
49%
California John Wayne Airport-Orange County
48%
Montana Missoula Montana
48%
South Carolina Myrtle Beach International
48%
California Santa Barbara Municipal
48%
New Jersey Trenton Mercer
48%
Connecticut Tweed New Haven
47%
North Carolina Fayetteville Regional/Grannis Field
45%
South Carolina Greenville-Spartanburg International
45%
Tennessee Lovell Field
45%
Arkansas Northwest Arkansas National
45%
California Palm Springs International
45%
North Carolina Asheville Regional
44%
California Bob Hope
44%
Utah Provo Municipal
44%
Louisiana Shreveport Regional
44%
Indiana South Bend International
44%
Louisiana Lafayette Regional Paul Fournet Field
43%
North Dakota Bismarck Municipal
42%
Florida Daytona Beach International
42%
Pennsylvania Lehigh Valley International
42%
South Dakota Rapid City Regional
41%
Indiana Evansville Regional
40%
Idaho Idaho Falls Regional
40%
Florida Sarasota/Bradenton International
40%
Maine Bangor International
38%
Michigan Bishop International
38%
Florida Gainesville Regional
38%
Hawaii Kahului Airport
38%
Mississippi Gulfport-Biloxi International
37%
Texas McAllen Miller International
37%
Texas Midland International Air and Space Port
37%
Illinois General Downing - Peoria International
35%
Florida Northwest Florida Beaches International
35%
Hawaii Ellison Onizuka Kona Internatioanl at Keahole
34%
Pennsylvania Wilkes Barre Scranton International
33%
Virginia Roanoke Blacksburg Regional
31%
Montana Glacier Park International
30%
Colorado Grand Junction Regional
29%
Montana Graet Falls International
28%
Oregon Rogue Valley International-Medford
28%
Washington Tri Cities
28%
Florida Melbourne Orlando International
27%
Utah St. George Regional
27%
Wisconsin Appleton International
26%
Illinois Central Illinois Regional Airport at Bloomington
26%
Tennessee Tri Cities
26%
Virginia Charlottesville Albemarle
24%
Florida Destin Fort Walton Beach
24%
Hawaii Lihue Airport
24%
New York Long Island MacArthur
24%
Washington Bellingham International
23%
North Dakota Minot International
23%
California Charles M. Schulz - Sonoma County
22%
Michigan Cherry Capital
22%
New York New York Stewart International
21%
California San Diego International
21%
California Monterey Regional
20%
New York Westchester County
19%
California San Luis County Regional
17%
Massachusetts Nantucket Memorial
16%
Florida Punta Gorda Airport
16%
Alaska Ketchikan International
15%
Washington Snohomish County
15%
Colorado Montrose Regional
13%
Texas Valley International
13%
Illinois Quad Cities International
12%
Colorado Durango La Plata County
10%
Colorado Eagle County Regional
10%
Illinois MidAmerica St Louis
8%
Colorado Yampa Municipal
7%
Alaska Bethel Airport
6%
Montana Bozeman Yellowstone International
5%
Indiana Fort Wayne International
3%
No matching quizzes found
Score Distribution
Percent of People with Each Score
Percentile by Number Answered
Your Score History
You have not taken this quiz